| 000 | 00819nam a22002417a 4500 | ||
|---|---|---|---|
| 001 | 48365 | ||
| 003 | BD-RjUL | ||
| 005 | 20211209054517.0 | ||
| 008 | 160813s1977 bg ||||| |||| 00| 0 ben d | ||
| 020 | _c: TK 7.00 | ||
| 035 | _a(BD-RjUL)48484 | ||
| 040 |
_aBD-RjUL _bben _cBD-RjUL |
||
| 041 | _aben | ||
| 082 |
_223 _a842 _bSAC 1977 |
||
| 100 |
_aসার্ত, জাঁপল _9146358 |
||
| 245 | 1 | 0 |
_aছায়াহীন কায়া / _cজাঁপল সার্ত |
| 260 |
_aঢাকা : _bবাংলা একডেমি, _c১৯৭৭ |
||
| 300 |
_a৯৮ পৃ. ; _c২১ সেমি. |
||
| 650 |
_aফ্রান্স নাটক _9146364 |
||
| 650 |
_aFrench Drama _9146375 |
||
| 700 |
_aরশীদ, আবদার, অনুবাদ _9146376 |
||
| 942 |
_2ddc _cBK |
||
| 999 |
_c48365 _d48365 |
||